Economic Regions of Azerbaijan with a Map - Statistics

General Stats
  • This quiz has been taken 341 times
  • The average score is 7 of 14
Answers on the Map
Answers color-coded by a green-red scale on the quiz's map according to % correct below.
 
Answer Stats
Region % Correct
Baku
96%
Nakhchivan
79%
Ganja-Dashkasan
72%
Karabakh
61%
Guba-Khachmaz
54%
Shirvan-Salyan
53%
Lankaran-Astara
52%
Shaki-Zagatala
52%
Absheron-Khizi
47%
Gazakh-Tovuz
42%
East Zangezur
35%
Central Aran
33%
Mil-Mughan
31%
Mountainous Shirvan
28%
No matching quizzes found
Score Distribution
Percent of People with Each Score
Percentile by Number Answered
Your Score History
You have not taken this quiz